| 000 | 01033nam a2200265Ia 4500 | ||
|---|---|---|---|
| 003 | OSt | ||
| 005 | 20220923211227.0 | ||
| 006 | a|||||r|||| 00| 0 | ||
| 007 | ta | ||
| 008 | 220922b |||||||| |||| 00| 0 san d | ||
| 020 |
_a9788170803973 (hbk) _c500 |
||
| 024 | _a264,939 | ||
| 037 |
_b54, 12/06/2012, Eastern Book Linkers _cTextual |
||
| 040 |
_aARTS _cARTS _bsan |
||
| 041 |
_2san _asan |
||
| 082 | _aR66x1,19, Q2 | ||
| 100 |
_aशंकराचार्य; मालवीय, सुधाकर, संपा. _9159950 |
||
| 245 | 0 | _aप्रप×चसारतन्त्रम् | |
| 246 | _aPrapa×chasāratantram | ||
| 260 |
_aवाराणसी _b चौखम्बा संस्कृत सीरीज़ _c2012 |
||
| 300 |
_a397पृ0 _ccm. |
||
| 650 | _aभारतीय दर्शन | ||
| 942 |
_hR66x1,19, Q2 _cTEXL _2CC |
||
| 999 |
_c297267 _d297267 |
||